| 000 | 00919nam a22002177a 4500 | ||
|---|---|---|---|
| 999 |
_c6650 _d6650 |
||
| 003 | AR-CdUCM | ||
| 008 | 190318b ||||| |||| 00| 0 spa d | ||
| 020 | _a84-205-0261-8 | ||
| 040 |
_aMUNICIPALIDAD PROVINCIAL DEL CUSCO _cBIBLIOTECA MUNICIPAL DEL CUSCO |
||
| 082 |
_a541 / _bM86 |
||
| 100 |
_aMorcillo Rubio, J. _918704 |
||
| 245 |
_aEspectroscopia : _bEstructura y Espectros Atómicos / |
||
| 260 |
_aEspaña : _bAlhambra ; _c1972. |
||
| 300 |
_a287 páginas ; _bDiagramas, tablas, fórmulas _c20cm |
||
| 440 |
_aColección Exedra - Ciencia, Técnica, Ingeniería _n77 _918705 |
||
| 505 | _aContenido: Espectroscopia, generalidades -- Espectros atómicos sencillos -- Introducción a la mecánica cuántica -- Impulso angular y átomo de hidrógeno --Transiciones espectrales y reglas de selección... | ||
| 650 |
_aQuímica _94512 |
||
| 700 |
_aOrza Segade, J. M. _918706 |
||
| 942 |
_2ddc _cLIBROS |
||
| 945 | _anom | ||